000 00760nam a2200217Ii 4500
003 JO-AjNU
008 230605s9999||||xx |||||||||||||| ||und||
017 _a2010/383
020 _a978-9947-24-753-2
040 _aJO-AjNU
_bara
_erda
_cJO-AjNU
041 _aara
050 1 4 _aHE6183.P3.S5272.2009
100 3 _aشعت، نبيل علي، م.مشارك حسناء رضا مكداشي,
_eauthor
_950575
245 0 0 _aفلسطين في طوابع البريد(1865-1981)
264 3 1 _aعمان:وزارة الثقافة،2009
300 _a79ص
_bيتضمن كشافات(ص : 67-79)
336 _atext
_btxt
_2rdacontent
337 _aunmediated
_bn
_2rdamedia
338 _avolume
_bnc
_2rdacarrier
650 4 _aطوابع البريد-فلسطين
_950576
999 _aA22287
_c25855
_d25855